[Event "First Saturday 2009 februar FM-A"]
[Site "Budapest"]
[Date "2009.02.07"]
[Round "1"]
[White "Mayer, Istvan"]
[Black "Prorok, Marton"]
[Result "0-1"]
[WhiteElo "2117"]
[BlackElo "2036"]
[PlyCount "54"]
[EventDate "2009.02.07"]

1. e4 c5 2. Nf3 d6 3. c3 Nf6 4. e5 dxe5 5. Nxe5 Nbd7 6. Qa4 g6 7. d4 cxd4 8.
Bc4 e6 9. cxd4 Bg7 10. Qa3 Nxe5 11. dxe5 Nd7 12. f4 Bxe5 13. Bxe6 Bg7 14. Bd5
Qb6 15. Nc3 Nf6 16. Bf3 Bf5 17. Qb3 Qxb3 18. axb3 O-O 19. O-O Rfe8 20. Nb5 Rad8
21. Nxa7 Bf8 22. g4 Nxg4 23. Bxb7 Bc5+ 24. Kg2 Re2+ 25. Kg3 Rd3+ 26. Bf3 Nxh2
27. Nc6 Nxf1+ 0-1

[Event "First Saturday 2009 februar FM-A"]
[Site "Budapest"]
[Date "2009.02.07"]
[Round "1"]
[White "Lakat, Gyula"]
[Black "Borda, Lajos"]
[Result "0-1"]
[WhiteElo "1977"]
[BlackElo "2142"]
[PlyCount "110"]
[EventDate "2009.02.07"]

1. e4 c5 2. Nf3 a6 3. d4 cxd4 4. Nxd4 Nf6 5. Nc3 e5 6. Nb3 Bb4 7. Bd3 d5 8. Bd2
Bxc3 9. Bxc3 dxe4 10. Be2 Qe7 11. Qd2 Nc6 12. O-O-O O-O 13. Qd6 Re8 14. h3 Nd4
15. Qxe7 Nxe2+ 16. Kd2 Rxe7 17. Kxe2 Be6 18. Bb4 Bc4+ 19. Kd2 Rd7+ 20. Kc1 Rad8
21. Rxd7 Rxd7 22. Nc5 Rc7 23. b3 Bd5 24. c4 a5 25. Ba3 Bc6 26. Rd1 Rc8 27. g4
h6 28. Rd6 b6 29. Na6 Ne8 30. Rd2 Bb7 31. Nb4 axb4 32. Bxb4 Bc6 33. Kb2 Nc7 34.
Bc3 f6 35. Rd6 Ne8 36. Rd2 Kf7 37. a4 Nc7 38. a5 bxa5 39. Bxa5 Ne6 40. b4 Be8
41. c5 Nd4 42. Bb6 Bb5 43. Rd1 Ra8 44. Re1 Bc6 45. Ba5 Ke6 46. Kc3 Kd5 47. Rd1
Bb5 48. Rd2 Bd3 49. Rd1 Kc6 50. Rd2 Kb5 51. Rb2 Nc6 52. f3 Nxa5 53. bxa5+ Kxc5
54. Rb7 Rxa5 55. Rxg7 Ra3+ 0-1

[Event "First Saturday 2009 februar FM-A"]
[Site "Budapest"]
[Date "2009.02.07"]
[Round "1"]
[White "Darazs, Zoltan"]
[Black "Yip, Michael"]
[Result "1-0"]
[WhiteElo "2239"]
[BlackElo "2089"]
[PlyCount "119"]
[EventDate "2009.02.07"]

1. e4 c6 2. d4 d5 3. exd5 cxd5 4. c4 Nf6 5. Nc3 Nc6 6. Bg5 Be6 7. a3 h6 8. Bxf6
exf6 9. c5 Be7 10. b4 O-O 11. Nf3 Re8 12. Be2 f5 13. O-O Bf8 14. b5 Na5 15. Ne5
b6 16. c6 Bd6 17. Bf3 Bc7 18. g3 Qd6 19. Nd3 g5 20. Nb4 Rac8 21. Ncxd5 Bd8 22.
c7 Be7 23. Rc1 Kg7 24. Re1 Bf8 25. Qd3 Qd7 26. Nxb6 axb6 27. d5 Rxc7 28. Qd4+
Kg8 29. Qxb6 Nc4 30. Qd4 Bg7 31. Qd1 Qxb5 32. dxe6 fxe6 33. Bd5 Nb2 34. Qb3
Rxc1 35. Bxe6+ Kh8 36. Rxc1 Qe2 37. Bc4 Qd2 38. Qc2 Rd8 39. Qxd2 Rxd2 40. Be6
Bd4 41. Rc2 Rd1+ 42. Kg2 Nd3 43. Nxd3 Rxd3 44. Bxf5 Rxa3 45. Rc6 h5 46. Rh6+
Kg7 47. Rg6+ Kf7 48. Rxg5 Ra2 49. Rxh5 Rxf2+ 50. Kh3 Kf6 51. Kg4 Be3 52. h4 Bd2
53. Rh8 Kg7 54. Rc8 Rf1 55. Rc7+ Kf6 56. Rc6+ Kg7 57. h5 Rc1 58. h6+ Kf7 59. h7
Kg7 60. Rg6+ 1-0

[Event "First Saturday 2009 februar FM-A"]
[Site "Budapest"]
[Date "2009.02.07"]
[Round "1"]
[White "Schuetz, Peter"]
[Black "Ngo Tan, Don"]
[Result "0-1"]
[WhiteElo "1974"]
[BlackElo "1929"]
[PlyCount "48"]
[EventDate "2009.02.07"]

1. e4 c5 2. Nc3 g6 3. f4 Bg7 4. Nf3 e6 5. f5 exf5 6. exf5 Ne7 7. fxg6 hxg6 8.
d4 cxd4 9. Nxd4 Nbc6 10. Ndb5 O-O 11. Nd6 Qb6 12. Nce4 Ne5 13. Bg5 Nf5 14. Nxf5
Qb4+ 15. Nc3 gxf5 16. Qc1 Re8 17. Be2 Qc5 18. Qf4 Ng6 19. Qf3 d5 20. O-O-O Bxc3
21. bxc3 Qa3+ 22. Kb1 Re6 23. Rxd5 Rb6+ 24. Rb5 Be6 0-1

[Event "First Saturday 2009 februar FM-A"]
[Site "Budapest"]
[Date "2009.02.07"]
[Round "1"]
[White "Bolvary, Tamara"]
[Black "Letay, Gyula"]
[Result "1-0"]
[WhiteElo "2027"]
[BlackElo "2060"]
[PlyCount "65"]
[EventDate "2009.02.07"]

1. e4 c5 2. Nf3 d6 3. Bc4 e6 4. O-O a6 5. a4 Be7 6. c3 d5 7. exd5 exd5 8. Bb3
Nf6 9. d4 c4 10. Bc2 O-O 11. Ne5 Nc6 12. Re1 Re8 13. Bg5 h6 14. Bf4 Be6 15. Re3
Nxe5 16. dxe5 Nh7 17. Rg3 Bg5 18. Bxh7+ Kxh7 19. Bxg5 hxg5 20. Qh5+ Kg8 21.
Rxg5 g6 22. Qh6 Qe7 23. Nd2 Qf8 24. Qh4 b5 25. a5 b4 26. Nf3 bxc3 27. bxc3 Rab8
28. Rg3 Qa3 29. Rf1 Qxa5 30. Ng5 Qc7 31. f4 Qc5+ 32. Kh1 Rb2 33. Rh3 1-0

[Event "First Saturday 2009 februar FM-A"]
[Site "Budapest"]
[Date "2009.02.07"]
[Round "1"]
[White "Zilahi, Gabor"]
[Black "Gruz, Janos"]
[Result "0-1"]
[WhiteElo "1995"]
[BlackElo "2057"]
[PlyCount "75"]
[EventDate "2009.02.07"]

1. d4 d5 2. e3 e6 3. Bd3 f5 4. c4 c6 5. Nc3 Nf6 6. Bd2 Bd6 7. Qc2 Ne4 8. Nge2
O-O 9. f4 Bd7 10. Qb3 Qb6 11. c5 Qxb3 12. axb3 Bc7 13. b4 Be8 14. b5 cxb5 15.
Nxb5 Bxb5 16. Bxb5 Nxd2 17. Kxd2 a5 18. Nc1 Nc6 19. Nd3 Rfb8 20. Ra4 Kf7 21.
Rha1 Na7 22. Bd7 Ke7 23. c6 bxc6 24. Nc5 Rxb2+ 25. Kd3 Rab8 26. R1a2 Rxa2 27.
Rxa2 Rb5 28. Bxe6 Rxc5 29. dxc5 Kxe6 30. g4 Nb5 31. g5 Kf7 32. Rg2 g6 33. h4 a4
34. h5 a3 35. hxg6+ hxg6 36. Rh2 Kg7 37. Kc2 Ba5 38. Kb3 0-1

[Event "First Saturday 2009 februar FM-A"]
[Site "Budapest"]
[Date "2009.02.08"]
[Round "2"]
[White "Prorok, Marton"]
[Black "Gruz, Janos"]
[Result "1-0"]
[WhiteElo "2036"]
[BlackElo "2057"]
[PlyCount "59"]
[EventDate "2009.02.07"]

1. e4 e6 2. f4 d5 3. e5 c5 4. Nf3 Nc6 5. c3 Qb6 6. d4 Nge7 7. dxc5 Qxc5 8. Bd3
Nf5 9. b4 Qb6 10. Bxf5 exf5 11. Qxd5 Be6 12. Qd1 Rd8 13. Qe2 Be7 14. Be3 Qc7
15. O-O a6 16. a4 O-O 17. Qf2 Qc8 18. Nbd2 f6 19. b5 Nb8 20. Nd4 fxe5 21. fxe5
Rd5 22. Qg3 Bc5 23. N2b3 b6 24. c4 Rdd8 25. Nxc5 bxc5 26. Nxe6 Qxe6 27. Bxc5
Rf7 28. Rac1 f4 29. Rxf4 Qxe5 30. Rxf7 1-0

[Event "First Saturday 2009 februar FM-A"]
[Site "Budapest"]
[Date "2009.02.08"]
[Round "2"]
[White "Letay, Gyula"]
[Black "Zilahi, Gabor"]
[Result "1/2-1/2"]
[WhiteElo "2060"]
[BlackElo "1995"]
[PlyCount "24"]
[EventDate "2009.02.07"]

1. e4 c5 2. Nf3 e6 3. d4 cxd4 4. Nxd4 a6 5. Bd3 Qc7 6. Be3 Nc6 7. Nxc6 bxc6 8.
O-O Nf6 9. c4 d5 10. Nc3 Bb7 11. Qc2 Bd6 12. h3 O-O 1/2-1/2

[Event "First Saturday 2009 februar FM-A"]
[Site "Budapest"]
[Date "2009.02.08"]
[Round "2"]
[White "Ngo Tan, Don"]
[Black "Bolvary, Tamara"]
[Result "1-0"]
[WhiteElo "1929"]
[BlackElo "2027"]
[PlyCount "115"]
[EventDate "2009.02.07"]

1. e4 c5 2. Nc3 Nc6 3. g3 g6 4. Bg2 Bg7 5. d3 e5 6. Nd5 d6 7. Ne2 Be6 8. Nec3
a6 9. a4 Rb8 10. O-O b5 11. axb5 axb5 12. f4 b4 13. Ne2 Qc8 14. fxe5 dxe5 15.
Bg5 h6 16. Bf6 Bxf6 17. Nxf6+ Nxf6 18. Rxf6 O-O 19. Qd2 Kg7 20. Raf1 Ra8 21. h4
h5 22. Qe3 Nd4 23. Nxd4 cxd4 24. Qg5 Qc5 25. Bf3 Rh8 26. g4 Qe7 27. Be2 hxg4
28. Rxf7+ Qxf7 29. Qxe5+ Kg8 30. Rxf7 Bxf7 31. Bxg4 Rxh4 32. Be6 Ra1+ 33. Kg2
Rhh1 34. Bxf7+ Kxf7 35. Qxd4 g5 36. Qxb4 Rhg1+ 37. Kh2 Rh1+ 38. Kg2 Rhg1+ 39.
Kf2 g4 40. Qc4+ Kg6 41. Qe6+ Kg7 42. Qe5+ Kg6 43. Qf5+ Kg7 44. Qg5+ Kf7 45.
Qh5+ Kg7 46. Ke3 g3 47. Kd4 g2 48. c4 Raf1 49. Qh2 Rd1 50. b4 Rxd3+ 51. Ke5
Rdd1 52. c5 Rde1 53. Qg3+ Kf7 54. c6 Rc1 55. c7 Ke7 56. Qg7+ Ke8 57. Qg8+ Kd7
58. Qd8+ 1-0

[Event "First Saturday 2009 februar FM-A"]
[Site "Budapest"]
[Date "2009.02.08"]
[Round "2"]
[White "Yip, Michael"]
[Black "Schuetz, Peter"]
[Result "1/2-1/2"]
[WhiteElo "2089"]
[BlackElo "1974"]
[PlyCount "97"]
[EventDate "2009.02.07"]

1. d4 d5 2. c4 dxc4 3. Nf3 Nf6 4. e3 Bg4 5. Bxc4 e6 6. Nc3 Nbd7 7. h3 Bh5 8.
Qe2 Bd6 9. e4 e5 10. d5 a6 11. a4 Rc8 12. O-O O-O 13. Rd1 h6 14. Bb3 Qe7 15.
Be3 Nc5 16. Bc2 a5 17. Rab1 Na6 18. Rbc1 Nb4 19. Bb1 c6 20. dxc6 Rxc6 21. Nb5
Bb8 22. Rxc6 Nxc6 23. Rc1 Rd8 24. Bb6 Rd7 25. Rc3 Ne8 26. g4 Bg6 27. Ba2 Bc7
28. Nxc7 Nxc7 29. Bxc7 Rxc7 30. Bd5 Nb4 31. Qb5 Nxd5 32. Qxd5 Rd7 33. Rc8+ Kh7
34. Qc4 Qf6 35. Qe2 Qf4 36. Rc4 f6 37. Kg2 h5 38. Nh4 Rd2 39. Qf3 Qxf3+ 40.
Kxf3 hxg4+ 41. hxg4 Rxb2 42. Ng2 Be8 43. Ne3 Bc6 44. Nd5 Rb3+ 45. Ke2 Ra3 46.
Nc3 Rb3 47. Kd2 Rb2+ 48. Ke3 Kg6 49. f3 1/2-1/2

[Event "First Saturday 2009 februar FM-A"]
[Site "Budapest"]
[Date "2009.02.08"]
[Round "2"]
[White "Borda, Lajos"]
[Black "Darazs, Zoltan"]
[Result "1/2-1/2"]
[WhiteElo "2142"]
[BlackElo "2239"]
[PlyCount "22"]
[EventDate "2009.02.07"]

1. d4 d5 2. Nf3 Nf6 3. c4 e6 4. a3 dxc4 5. Qa4+ Nbd7 6. Bg5 c5 7. e3 a6 8. Bxc4
cxd4 9. Nxd4 Be7 10. Nd2 O-O 11. Be2 b5 1/2-1/2

[Event "First Saturday 2009 februar FM-A"]
[Site "Budapest"]
[Date "2009.02.08"]
[Round "2"]
[White "Mayer, Istvan"]
[Black "Lakat, Gyula"]
[Result "1/2-1/2"]
[WhiteElo "2117"]
[BlackElo "1977"]
[PlyCount "37"]
[EventDate "2009.02.07"]

1. e4 c5 2. Nf3 Nc6 3. d4 cxd4 4. Nxd4 Nf6 5. Nc3 e5 6. Ndb5 d6 7. Bg5 a6 8.
Na3 b5 9. Nd5 Be7 10. Bxf6 Bxf6 11. c3 Bg5 12. Nc2 O-O 13. a4 Rb8 14. axb5 axb5
15. Bd3 Ne7 16. Nce3 Bxe3 17. Nxe3 Qb6 18. O-O Be6 19. Qf3 1/2-1/2

[Event "First Saturday 2009 februar FM-A"]
[Site "Budapest"]
[Date "2009.02.09"]
[Round "3"]
[White "Lakat, Gyula"]
[Black "Prorok, Marton"]
[Result "0-1"]
[WhiteElo "1977"]
[BlackElo "2036"]
[PlyCount "62"]
[EventDate "2009.02.07"]

1. d4 Nf6 2. c4 g6 3. Nc3 Bg7 4. e4 d6 5. Nf3 O-O 6. h3 e5 7. dxe5 dxe5 8. Bg5
Na6 9. Qxd8 Rxd8 10. Nd5 Rd6 11. Bxf6 Bxf6 12. b4 c6 13. Nxf6+ Rxf6 14. a3 c5
15. b5 Nc7 16. Rd1 Kg7 17. Be2 Re6 18. Nd2 Rd6 19. O-O Ne6 20. Nb3 Nd4 21. Nxd4
exd4 22. e5 Rd8 23. Bf3 Be6 24. Rc1 Rd7 25. Bg4 Re8 26. f4 f6 27. exf6+ Kxf6
28. Rfe1 Rde7 29. Kf2 Bf7 30. Be2 Re3 31. a4 d3 0-1

[Event "First Saturday 2009 februar FM-A"]
[Site "Budapest"]
[Date "2009.02.09"]
[Round "3"]
[White "Darazs, Zoltan"]
[Black "Mayer, Istvan"]
[Result "1/2-1/2"]
[WhiteElo "2239"]
[BlackElo "2117"]
[PlyCount "33"]
[EventDate "2009.02.07"]

1. e4 e5 2. Nf3 Nc6 3. Bb5 a6 4. Ba4 Nf6 5. O-O Bc5 6. c3 Ba7 7. d3 O-O 8. Re1
b5 9. Bc2 d6 10. h3 h6 11. a4 Bb7 12. Be3 Bxe3 13. Rxe3 Nb8 14. axb5 axb5 15.
Rxa8 Bxa8 16. Na3 c6 17. b4 1/2-1/2

[Event "First Saturday 2009 februar FM-A"]
[Site "Budapest"]
[Date "2009.02.09"]
[Round "3"]
[White "Schuetz, Peter"]
[Black "Borda, Lajos"]
[Result "0-1"]
[WhiteElo "1974"]
[BlackElo "2142"]
[PlyCount "40"]
[EventDate "2009.02.07"]

1. e4 c5 2. Nc3 a6 3. f4 b5 4. Nf3 Bb7 5. d3 e6 6. g3 d6 7. Bg2 Be7 8. O-O Nd7
9. Bd2 Qc7 10. Qe2 Bf6 11. Nd1 Ne7 12. g4 Nc6 13. c3 h6 14. Ne3 Nb6 15. Rac1
Qd7 16. Rfe1 g5 17. f5 e5 18. Nd5 Nxd5 19. exd5 Ne7 20. c4 Bg7 0-1

[Event "First Saturday 2009 februar FM-A"]
[Site "Budapest"]
[Date "2009.02.09"]
[Round "3"]
[White "Bolvary, Tamara"]
[Black "Yip, Michael"]
[Result "1/2-1/2"]
[WhiteElo "2027"]
[BlackElo "2089"]
[PlyCount "86"]
[EventDate "2009.02.07"]

1. e4 c6 2. c4 d5 3. cxd5 cxd5 4. exd5 Nf6 5. Nc3 Nxd5 6. Nf3 Nc6 7. d4 e6 8.
Bd3 Be7 9. O-O O-O 10. Re1 g6 11. Bh6 Re8 12. a3 Nxc3 13. bxc3 Bf6 14. Qd2 b6
15. Ng5 Bb7 16. Bc4 Na5 17. Ba2 Bd5 18. Qf4 Rc8 19. Re3 Bxa2 20. Ne4 Bh8 21.
Nd6 e5 22. dxe5 Be6 23. Nxc8 Qxc8 24. Rd1 Nc4 25. Re4 Qc7 26. Qh4 Bxe5 27. f4
f5 28. Rxc4 Bxc4 29. fxe5 Qc5+ 30. Kh1 b5 31. e6 Qe5 32. Qe7 Qe1+ 33. Rxe1 Rxe7
34. Bg5 Rxe6 35. Rxe6 Bxe6 36. Kg1 Bd5 37. Kf2 Kf7 38. g3 Ke6 39. Ke3 a5 40.
Kd4 a4 41. h4 Bf3 42. Bf4 Be2 43. Bg5 Bg4 1/2-1/2

[Event "First Saturday 2009 februar FM-A"]
[Site "Budapest"]
[Date "2009.02.09"]
[Round "3"]
[White "Zilahi, Gabor"]
[Black "Ngo Tan, Don"]
[Result "0-1"]
[WhiteElo "1995"]
[BlackElo "1929"]
[PlyCount "86"]
[EventDate "2009.02.07"]

1. d4 Nf6 2. Bg5 Ne4 3. h4 c5 4. d5 Qb6 5. Nc3 Nxg5 6. Qd3 Ne4 7. Nxe4 Qxb2 8.
Rd1 d6 9. e3 g6 10. Qc3 Qxc3+ 11. Nxc3 Bd7 12. Rb1 b6 13. Nb5 Kd8 14. Nf3 h6
15. Na3 Bg7 16. Kd2 Kc7 17. Bd3 Rf8 18. c3 a6 19. Rhc1 b5 20. e4 h5 21. Re1 Bg4
22. Nh2 Bc8 23. f4 Nd7 24. Nf3 Bb7 25. c4 b4 26. e5 bxa3 27. exd6+ exd6 28. Re7
Bb2 29. Ng5 Rae8 30. Rbe1 Rxe7 31. Rxe7 Bf6 32. Rxf7 Bxg5 33. Rxf8 Nxf8 34.
fxg5 Kb6 35. Kc3 Bc8 36. Kb3 Bd7 37. Kxa3 Be8 38. Kb3 Nd7 39. Kc3 Ne5 40. Be2
Bd7 41. Bd1 Bf5 42. Be2 Ka5 43. Kb3 Bd3 0-1

[Event "First Saturday 2009 februar FM-A"]
[Site "Budapest"]
[Date "2009.02.09"]
[Round "3"]
[White "Gruz, Janos"]
[Black "Letay, Gyula"]
[Result "1-0"]
[WhiteElo "2057"]
[BlackElo "2060"]
[PlyCount "62"]
[EventDate "2009.02.07"]

1. c4 f5 2. Nc3 Nf6 3. g3 e6 4. Bg2 c6 5. e4 fxe4 6. Nxe4 d5 7. cxd5 cxd5 8.
Nc3 a6 9. d4 Bd6 10. Nf3 Qc7 11. O-O O-O 12. Bd2 Bd7 13. Rc1 Bc6 14. Qe2 Re8
15. Ne5 Bxe5 16. dxe5 Nfd7 17. f4 Qb6+ 18. Be3 d4 19. Bf2 Bxg2 20. Kxg2 Qc6+
21. Ne4 Qd5 22. Rfd1 Nc6 23. b3 b6 24. Kg1 Nc5 25. Nd6 Red8 26. Rc4 b5 27. Rcc1
Rab8 28. Qc2 Nxb3 29. axb3 Nb4 30. Qc5 Qxc5 31. Rxc5 d3 1-0

[Event "First Saturday 2009 februar FM-A"]
[Site "Budapest"]
[Date "2009.02.10"]
[Round "4"]
[White "Prorok, Marton"]
[Black "Letay, Gyula"]
[Result "1/2-1/2"]
[WhiteElo "2036"]
[BlackElo "2060"]
[PlyCount "31"]
[EventDate "2009.02.07"]

1. e4 c5 2. f4 e6 3. Nc3 Nc6 4. Nf3 d5 5. Bb5 Nge7 6. exd5 exd5 7. Qe2 Bg4 8.
Bxc6+ bxc6 9. b3 g6 10. Ba3 Bg7 11. Bxc5 d4 12. Bxe7 Qxe7 13. Qxe7+ Kxe7 14.
Ne4 Bxf3 15. gxf3 f5 16. Nc5 1/2-1/2

[Event "First Saturday 2009 februar FM-A"]
[Site "Budapest"]
[Date "2009.02.10"]
[Round "4"]
[White "Ngo Tan, Don"]
[Black "Gruz, Janos"]
[Result "1/2-1/2"]
[WhiteElo "1929"]
[BlackElo "2057"]
[PlyCount "35"]
[EventDate "2009.02.07"]

1. e4 e6 2. d4 d5 3. Nc3 dxe4 4. Nxe4 Bd7 5. Nf3 Bc6 6. Bd3 Nd7 7. O-O Ngf6 8.
Re1 Nxe4 9. Bxe4 Bxe4 10. Rxe4 Nf6 11. Bg5 Be7 12. Bxf6 gxf6 13. c4 c6 14. Qc2
Qd6 15. Qa4 Qb4 16. Qxb4 Bxb4 17. a3 Be7 18. h3 1/2-1/2

[Event "First Saturday 2009 februar FM-A"]
[Site "Budapest"]
[Date "2009.02.10"]
[Round "4"]
[White "Yip, Michael"]
[Black "Zilahi, Gabor"]
[Result "1-0"]
[WhiteElo "2089"]
[BlackElo "1995"]
[PlyCount "91"]
[EventDate "2009.02.07"]

1. d4 d5 2. c4 c6 3. Nf3 Nf6 4. Nc3 a6 5. a4 a5 6. Bg5 Na6 7. e3 Bf5 8. Be2 Nb4
9. O-O e6 10. Ne5 Be7 11. h3 Nd7 12. Bf4 Nxe5 13. Bxe5 O-O 14. Qd2 Qd7 15. Rac1
Rad8 16. Rfd1 Bg6 17. Bg3 Bd6 18. Bxd6 Qxd6 19. Bf1 f6 20. cxd5 exd5 21. Ne2
Rfe8 22. Nf4 Bf7 23. Rc3 Re7 24. h4 g5 25. hxg5 fxg5 26. Nd3 Re4 27. Ne5 Qh6
28. g3 Bh5 29. Bg2 Rxe5 30. dxe5 Bxd1 31. Qxd1 Qe6 32. Qd4 Re8 33. f4 Qf5 34.
e4 dxe4 35. Bxe4 Qg4 36. f5 Qe2 37. Re3 Nc2 38. Bxc2 Qxc2 39. g4 c5 40. Qd5+
Kh8 41. e6 Qc1+ 42. Kf2 Qxb2+ 43. Kg3 Qb4 44. Qe5+ Kg8 45. f6 Rc8 46. Qxg5+ 1-0

[Event "First Saturday 2009 februar FM-A"]
[Site "Budapest"]
[Date "2009.02.10"]
[Round "4"]
[White "Borda, Lajos"]
[Black "Bolvary, Tamara"]
[Result "0-1"]
[WhiteElo "2142"]
[BlackElo "2027"]
[PlyCount "104"]
[EventDate "2009.02.07"]

1. c4 Nf6 2. d4 e6 3. Nf3 b6 4. a3 Bb7 5. Nc3 Be7 6. e3 O-O 7. Bd3 d6 8. O-O
Nbd7 9. Qe2 c5 10. b4 Rc8 11. Bb2 Qc7 12. e4 cxd4 13. Nb5 Qb8 14. Nbxd4 a6 15.
Nb3 Qa8 16. Rfe1 Rfd8 17. Rac1 Bf8 18. Bb1 g6 19. Rcd1 Nh5 20. Qf1 Nf4 21. g3
Nh5 22. Ng5 h6 23. Nf3 Nhf6 24. Nfd2 Bg7 25. Qe2 Rc7 26. f3 Rdc8 27. Nf1 Ne8
28. Bxg7 Kxg7 29. Ne3 Ne5 30. Rc1 Nf6 31. Red1 Rd8 32. Nd4 Re7 33. Kf2 d5 34.
f4 Nxc4 35. e5 Ne8 36. Rxc4 dxc4 37. f5 Red7 38. Qg4 Rxd4 39. Rxd4 Rxd4 40. f6+
Kh7 41. Qxd4 Bh1 42. Qxb6 Qf3+ 43. Ke1 Nc7 44. Nd1 Nb5 45. Qd8 Nxa3 46. Bxg6+
Kxg6 47. Nc3 Qxc3+ 48. Kf2 Qf3+ 49. Ke1 Qe3+ 50. Kf1 Qf3+ 51. Ke1 Qe3+ 52. Kf1
Bf3 0-1

[Event "First Saturday 2009 februar FM-A"]
[Site "Budapest"]
[Date "2009.02.10"]
[Round "4"]
[White "Mayer, Istvan"]
[Black "Schuetz, Peter"]
[Result "1-0"]
[WhiteElo "2117"]
[BlackElo "1974"]
[PlyCount "83"]
[EventDate "2009.02.07"]

1. e4 e5 2. Bc4 Nf6 3. Qe2 Bc5 4. c3 d6 5. d3 Bg4 6. Nf3 Nbd7 7. h3 Bh5 8. g4
Bg6 9. Bg5 h6 10. Bh4 c6 11. Nbd2 a5 12. d4 Ba7 13. Bb3 Qc7 14. Bg3 O-O-O 15.
dxe5 Nxe5 16. O-O-O Nxf3 17. Qxf3 Rhe8 18. Rhe1 Bc5 19. Qg2 Qe7 20. Bc2 Qe6 21.
f4 Bh7 22. f5 Qe7 23. Nb3 Bb6 24. Qh2 Bc7 25. Nd2 Nd7 26. Qg1 Bb6 27. Bf2 Bc7
28. Nc4 Ne5 29. Nxe5 dxe5 30. h4 f6 31. Bc5 Bd6 32. Bxd6 Rxd6 33. Qa7 Red8 34.
Qxa5 Bg8 35. Rxd6 Qxd6 36. Rd1 Qe7 37. Rxd8+ Qxd8 38. Qxd8+ Kxd8 39. a4 Bc4 40.
Kd2 Kc7 41. a5 Kd6 42. b4 1-0

[Event "First Saturday 2009 februar FM-A"]
[Site "Budapest"]
[Date "2009.02.10"]
[Round "4"]
[White "Lakat, Gyula"]
[Black "Darazs, Zoltan"]
[Result "0-1"]
[WhiteElo "1977"]
[BlackElo "2239"]
[PlyCount "128"]
[EventDate "2009.02.07"]

1. Nf3 Nf6 2. c4 g6 3. Nc3 d5 4. cxd5 Nxd5 5. e4 Nxc3 6. bxc3 Bg7 7. Be2 c5 8.
O-O Nc6 9. Bb2 O-O 10. Qc2 Bg4 11. h3 Bxf3 12. Bxf3 Qd6 13. Be2 Rfd8 14. Rad1
Rac8 15. Bb5 a6 16. Bxc6 Rxc6 17. d3 Qe6 18. Bc1 b5 19. Be3 Qf6 20. c4 Qc3 21.
Qe2 b4 22. Rd2 Qa3 23. Rfd1 Bc3 24. Rc2 Bd4 25. Bc1 Qa5 26. g3 Qc7 27. Kg2 a5
28. f4 a4 29. Bb2 e6 30. Kf3 Qb7 31. Bxd4 Rxd4 32. Ke3 Rcd6 33. e5 Rd8 34. Rcd2
Qe7 35. Qf3 Qd7 36. Ke2 Re8 37. h4 f6 38. h5 fxe5 39. hxg6 hxg6 40. fxe5 Rf8
41. Qe3 Qh7 42. Rf1 Qh5+ 43. Ke1 Rxf1+ 44. Kxf1 Qh1+ 45. Ke2 Kg7 46. Qf3 Qh5
47. Qxh5 gxh5 48. Ke3 Rg4 49. Kf3 Kg6 50. Rh2 Rg5 51. Kf4 Rf5+ 52. Ke4 Rf1 53.
Rd2 Re1+ 54. Kf4 Rc1 55. Ke4 a3 56. Rf2 Re1+ 57. Kf4 Rb1 58. Ke4 Rb2 59. Rf6+
Kg7 60. Rxe6 Rxa2 61. Re7+ Kf8 62. Rb7 Re2+ 63. Kd5 a2 64. Ra7 b3 0-1

[Event "First Saturday 2009 februar FM-A"]
[Site "Budapest"]
[Date "2009.02.11"]
[Round "5"]
[White "Darazs, Zoltan"]
[Black "Prorok, Marton"]
[Result "1/2-1/2"]
[WhiteElo "2239"]
[BlackElo "2036"]
[PlyCount "40"]
[EventDate "2009.02.07"]

1. d4 Nf6 2. c4 g6 3. Nc3 Bg7 4. e4 d6 5. f3 O-O 6. Be3 e5 7. Nge2 c6 8. Qd2
Nbd7 9. O-O-O b5 10. cxb5 cxb5 11. Kb1 a6 12. Nc1 b4 13. Na4 Qa5 14. b3 exd4
15. Bxd4 Bb7 16. g4 Nxe4 17. fxe4 Bxe4+ 18. Bd3 Bxh1 19. Bxg7 Kxg7 20. Rxh1 Qd5
1/2-1/2

[Event "First Saturday 2009 februar FM-A"]
[Site "Budapest"]
[Date "2009.02.11"]
[Round "5"]
[White "Schuetz, Peter"]
[Black "Lakat, Gyula"]
[Result "0-1"]
[WhiteElo "1974"]
[BlackElo "1977"]
[PlyCount "78"]
[EventDate "2009.02.07"]

1. e4 c5 2. Nc3 Nc6 3. f4 g6 4. Nf3 Bg7 5. Bc4 e6 6. O-O a6 7. a4 Nge7 8. Qe1
Nd4 9. Nxd4 cxd4 10. Nd1 d5 11. Bb3 O-O 12. d3 b6 13. Qh4 dxe4 14. dxe4 f5 15.
e5 Qd7 16. Nf2 Bb7 17. a5 Qc6 18. Qg3 Nd5 19. Nd3 b5 20. Bd2 Kf7 21. Nb4 Nxb4
22. Bxb4 Rfd8 23. Qg5 Rd7 24. Rf2 h6 25. Qh4 Re8 26. Rd1 Kg8 27. Re2 Kh7 28.
Qf2 Red8 29. Bd6 Rxd6 30. exd6 Rxd6 31. Qh4 Qd7 32. Rf1 Be4 33. Rfe1 d3 34.
cxd3 Rxd3 35. Rxe4 fxe4 36. Qg4 Qa7+ 37. Kf1 Rxb3 38. Qxe6 Rxb2 39. Qb6 Qf7 0-1

[Event "First Saturday 2009 februar FM-A"]
[Site "Budapest"]
[Date "2009.02.11"]
[Round "5"]
[White "Bolvary, Tamara"]
[Black "Mayer, Istvan"]
[Result "1/2-1/2"]
[WhiteElo "2027"]
[BlackElo "2117"]
[PlyCount "36"]
[EventDate "2009.02.07"]

1. e4 e6 2. d4 d5 3. Nd2 c5 4. exd5 Qxd5 5. Ngf3 cxd4 6. Bc4 Qh5 7. O-O Nc6 8.
Nb3 Bd7 9. Nfxd4 Qxd1 10. Rxd1 Nxd4 11. Nxd4 Nf6 12. Nb5 Rc8 13. b3 a6 14. Nd6+
Bxd6 15. Rxd6 O-O 16. Bb2 Bc6 17. Bxf6 gxf6 18. Be2 Rfd8 1/2-1/2

[Event "First Saturday 2009 februar FM-A"]
[Site "Budapest"]
[Date "2009.02.11"]
[Round "5"]
[White "Zilahi, Gabor"]
[Black "Borda, Lajos"]
[Result "1-0"]
[WhiteElo "1995"]
[BlackElo "2142"]
[PlyCount "61"]
[EventDate "2009.02.07"]

1. d4 d5 2. e3 Nf6 3. Bd3 g6 4. Nd2 Bg7 5. f4 O-O 6. Ngf3 c5 7. c3 Nc6 8. O-O
b6 9. Ne5 Bb7 10. Qf3 Qd6 11. b3 cxd4 12. exd4 Nd7 13. a4 Ndxe5 14. fxe5 Qd7
15. Ba3 f6 16. exf6 Rxf6 17. Qg3 e5 18. Rxf6 Bxf6 19. Rf1 Bg7 20. Be2 exd4 21.
Bg4 Qe8 22. Re1 Qd8 23. Be6+ Kh8 24. Nf3 Bf6 25. c4 dxc4 26. Bxc4 Kg7 27. Qf4
Na5 28. Be6 Bc8 29. Ng5 Bxg5 30. Qf7+ Kh8 31. Bf8 1-0

[Event "First Saturday 2009 februar FM-A"]
[Site "Budapest"]
[Date "2009.02.11"]
[Round "5"]
[White "Gruz, Janos"]
[Black "Yip, Michael"]
[Result "0-1"]
[WhiteElo "2057"]
[BlackElo "2089"]
[PlyCount "62"]
[EventDate "2009.02.07"]

1. c4 c6 2. d4 d5 3. e3 Nf6 4. Bd3 g6 5. Nc3 Bg7 6. Nf3 Bg4 7. h3 Bxf3 8. Qxf3
e6 9. O-O O-O 10. cxd5 exd5 11. b3 Re8 12. Bb2 Nbd7 13. Rac1 Nf8 14. Rfd1 Ne6
15. Rb1 Ng5 16. Qe2 Qe7 17. Qf1 Rad8 18. Re1 Nge4 19. Bxe4 Nxe4 20. Rbd1 f5 21.
Nb1 Qf7 22. Nd2 Nxd2 23. Rxd2 Re6 24. Qd3 Rde8 25. Rde2 Qe7 26. Bc1 a6 27. a4
Bf6 28. Bd2 Kg7 29. b4 f4 30. f3 Bh4 31. Rb1 fxe3 0-1

[Event "First Saturday 2009 februar FM-A"]
[Site "Budapest"]
[Date "2009.02.11"]
[Round "5"]
[White "Letay, Gyula"]
[Black "Ngo Tan, Don"]
[Result "1-0"]
[WhiteElo "2060"]
[BlackElo "1929"]
[PlyCount "55"]
[EventDate "2009.02.07"]

1. e4 c5 2. Nc3 Nc6 3. Nf3 g6 4. d4 cxd4 5. Nxd4 Bg7 6. Nb3 Nf6 7. Be3 d6 8.
Be2 Be6 9. O-O O-O 10. f4 Rc8 11. f5 Bd7 12. g4 a6 13. g5 Ne8 14. Nd5 Rb8 15.
Bb6 Qc8 16. f6 exf6 17. gxf6 Nxf6 18. Nxf6+ Kh8 19. Qxd6 Be6 20. c3 Ra8 21.
Rad1 a5 22. Nd7 Ra6 23. Nbc5 Bh3 24. Nxa6 Qe8 25. Nxf8 bxa6 26. Nxg6+ hxg6 27.
Rf2 Qxe4 28. Bf3 1-0

[Event "First Saturday 2009 februar FM-A"]
[Site "Budapest"]
[Date "2009.02.12"]
[Round "6"]
[White "Prorok, Marton"]
[Black "Ngo Tan, Don"]
[Result "1/2-1/2"]
[WhiteElo "2036"]
[BlackElo "1929"]
[PlyCount "24"]
[EventDate "2009.02.07"]

1. e4 c5 2. f4 g6 3. Nc3 Bg7 4. Nf3 Nc6 5. Bb5 Nd4 6. O-O e6 7. e5 Ne7 8. Nxd4
cxd4 9. Ne4 O-O 10. b3 Qb6 11. Bd3 Nd5 12. Kh1 f5 1/2-1/2